UBT Library

Teaching practices from America's best urban schools : (Record no. 39003)

000 -LEADER
fixed length control field 00748cam a22002414i 4500
001 - CONTROL NUMBER
control field 17522013
005 - DATE AND TIME OF LATEST TRANSACTION
control field 20171215071047.0
008 - FIXED-LENGTH DATA ELEMENTS--GENERAL INFORMATION
fixed length control field 121107s2013 nyu 000 0 eng
010 ## - LIBRARY OF CONGRESS CONTROL NUMBER
LC control number 2012038500
020 ## - INTERNATIONAL STANDARD BOOK NUMBER
International Standard Book Number 9781596672345
040 ## - CATALOGING SOURCE
Original cataloging agency DLC
Language of cataloging eng
Transcribing agency DLC
Description conventions rda
Modifying agency DLC
041 ## - LANGUAGE CODE
Language code of text/sound track or separate title eng
042 ## - AUTHENTICATION CODE
Authentication code pcc
043 ## - GEOGRAPHIC AREA CODE
Geographic area code n-us---
080 ## - UNIVERSAL DECIMAL CLASSIFICATION NUMBER
Universal Decimal Classification number 370.91732 JOH
082 00 - DEWEY DECIMAL CLASSIFICATION NUMBER
Classification number 370.91732 JOH
Edition number 23
100 1# - Rafti
Rafti 46
101 ## - Shkurtesa
Shkurtesa EDU
245 10 - TITLE STATEMENT
Title Teaching practices from America's best urban schools :
Statement of responsibility, etc Joseph F. Johnson, Jr., Ph.D., Lynne G. Perez, Ph.D., Cynthia L. Uline, Ph.D.
906 ## - LOCAL DATA ELEMENT F, LDF (RLIN)
a 7
b cbc
c orignew
d 1
e ecip
f 20
g y-gencatlg
942 ## - ADDED ENTRY ELEMENTS (KOHA)
Source of classification or shelving scheme
Item type Books
Holdings
Withdrawn status Lost status Source of classification or shelving scheme Damaged status Not for loan Collection code Permanent location Current location Shelving location Date acquired Total Checkouts Full call number Barcode Date last seen Price effective from Koha item type
          Koleksioni i përgjithshem UBT - Lipjan UBT - Lipjan Koleksioni i përgjithshem 12/15/2017   370.91732 JOH 002-2939428 12/15/2017 12/15/2017 Books
UBT Library © 2015-2024. All rights reserved University Education for Business and Technology